书目信息 |
| 题名: |
东方
|
|
| 作者: | 魏巍 著 | |
| 分册: | 下 | |
| 出版信息: | 北京 人民文学出版社 1978 |
|
| 页数: | ~1160页 | |
| 开本: | 19cm | |
| 丛书名: | ||
| 单 册: | ||
| 中图分类: | I247.52 , I247.4 | |
| 科图分类: | ||
| 主题词: | 长篇小说--中国--现代 | |
| 电子资源: | ||
| ISBN: | ||
| 000 | 00570nam0 2200229 45 | |
| 001 | 0178004178 | |
| 005 | 20070728080758.25 | |
| 010 | @dCNY2.30 | |
| 091 | @a10019.2673 | |
| 100 | @a19950719d1978 em y0chiy0121 ea | |
| 101 | 0 | @achi |
| 102 | @aCN@b110000 | |
| 105 | @ay z 000ay | |
| 200 | 10 | @a东方@h下@Adong fang@f魏巍著 |
| 210 | @a北京@c人民文学出版社@d1978 | |
| 215 | @a~1160页@d19cm | |
| 606 | @a长篇小说@y中国@z现代 | |
| 690 | @aI247.52@v3 | |
| 690 | @aI247.4 | |
| 701 | 0 | @a魏巍@Awei wei@4著 |
| 801 | 0 | @aCN@bNLC@c20070728 |
| 905 | @f1@b5097@dI247.4@e2:3 | |
| 东方.下/魏巍著.-北京:人民文学出版社,1978 |
| ~1160页;19cm |
| ISBN :CNY2.30 |
| ● |
| 相关链接 |
|
|
|
|
正题名:东方
索取号:I247.4/2:3
 
预约/预借
| 序号 | 登录号 | 条形码 | 馆藏地/架位号 | 状态 | 备注 |
| 1 | 0005097 | 000183321 | 第二借阅区/ [索取号:I247.4/2:3] | 在馆 | |
| 2 | 0427809 | 204278094 | 密集书库/ [索取号:I247.4/2:3] | 在馆 | |
| 3 | 0786710 | 207867101 | 密集书库/ [索取号:I247.4/2:3] | 在馆 |